<?xml version="1.0" encoding="UTF-8"?>
<record
    xmlns:xsi="http://www.w3.org/2001/XMLSchema-instance"
    xsi:schemaLocation="http://www.loc.gov/MARC21/slim http://www.loc.gov/standards/marcxml/schema/MARC21slim.xsd"
    xmlns="http://www.loc.gov/MARC21/slim">

  <leader>00715naa a2200145 i 4500</leader>
  <controlfield tag="001">9089</controlfield>
  <controlfield tag="003">KOSZ 005</controlfield>
  <controlfield tag="005">20180316124818.0</controlfield>
  <controlfield tag="008">150518s2009    pl  |  |     |000 ||pol</controlfield>
  <datafield tag="040" ind1=" " ind2=" ">
    <subfield code="c">BPK</subfield>
    <subfield code="d">KOSZ 005/EG</subfield>
  </datafield>
  <datafield tag="100" ind1="1" ind2=" ">
    <subfield code="a">B&#x141;A&#x17B;EJOWSKA, Ma&#x142;gorzata.</subfield>
    <subfield code="d">1996 - .</subfield>
    <subfield code="b">Politechnika Koszali&#x144;ska - Instytut Zarz&#x105;dzania i Marketingu,</subfield>
    <subfield code="c">Zesp&#xF3;&#x142; Naukowo-Dydaktyczny Nauk Prawnych</subfield>
  </datafield>
  <datafield tag="245" ind1="1" ind2="0">
    <subfield code="a">Wp&#x142;yw partnerstwa publiczno-prywatnego na rozw&#xF3;j obszar&#xF3;w wiejskich i absorpcj&#x119; &#x15B;rodk&#xF3;w unijnych /</subfield>
    <subfield code="c">Ma&#x142;gorzata B&#x142;a&#x17C;ejowska.</subfield>
  </datafield>
  <datafield tag="773" ind1="0" ind2=" ">
    <subfield code="i">W :</subfield>
    <subfield code="t">Zeszyty Naukowe Szko&#x142;y G&#x142;&#xF3;wnej Gospodarstwa Wiejskiego w Warszawie -  Polityki Europejskie, Finanse i Marketing. -</subfield>
    <subfield code="g">2009, s. 249-256</subfield>
    <subfield code="x">2081-3430</subfield>
  </datafield>
  <datafield tag="942" ind1=" " ind2=" ">
    <subfield code="c">ART</subfield>
    <subfield code="2">UKD</subfield>
  </datafield>
  <datafield tag="999" ind1=" " ind2=" ">
    <subfield code="c">9089</subfield>
    <subfield code="d">9089</subfield>
  </datafield>
</record>
